| 000 | 00534cam a2200181 4500500 | ||
|---|---|---|---|
| 005 | 20260405002806.0 | ||
| 041 | _afre | ||
| 042 | _adc | ||
| 100 | 1 | 0 |
_aLacroix, Samuel _eauthor |
| 245 | 0 | 0 | _aLe Deuil de la mélancolie |
| 260 | _c2018. | ||
| 500 | _a30 | ||
| 690 | _aMédecine | ||
| 690 | _aMichel Onfray | ||
| 690 | _aMort | ||
| 786 | 0 | _nPhilosophie magazine | 123 | 10 | 2018-10-01 | p. 52-52 | 1951-1787 | |
| 856 | 4 | 1 | _uhttps://shs.cairn.info/magazine-philosophie-magazine-2018-10-page-52?lang=fr&redirect-ssocas=7080 |
| 999 |
_c2061174 _d2061174 |
||